A primer on ethnomethodology /

Bibliographic Details
Main Author: Leiter, Kenneth
Format: Book
Language:English
Published: New York : Oxford University Press, 1980.
Subjects:

MARC

Tag First Indicator Second Indicator Subfields
LEADER 00000pam a2200000 i 4500
001 in00000027632
005 20151007062656.0
008 790406s1980 nyu b 00110 eng
010 |a  79012499  
020 |a 0195026284 
020 |a 0195026292 (pbk.) 
035 |a (OCoLC)04908051 
035 |9 AAD5523AM 
040 |a DLC  |c DLC  |d TXA  |d UtOrBLW 
049 |a TXAM  |c [1383924] 
050 0 0 |a HM24  |b .L427 
082 0 |a 301/.01/8 
100 1 |a Leiter, Kenneth. 
245 1 2 |a A primer on ethnomethodology /  |c Kenneth Leiter. 
264 1 |a New York :  |b Oxford University Press,  |c 1980. 
300 |a viii, 252 pages ;  |c 20 cm. 
336 |a text  |b txt  |2 rdacontent 
337 |a unmediated  |b n  |2 rdamedia 
338 |a volume  |b nc  |2 rdacarrier 
500 |a Includes index. 
504 |a Bibliography: pages [241]-247. 
650 0 |a Sociology  |x Methodology. 
999 |a MARS 
999 f f |s cce3a4ae-2f17-39ca-9f6f-6412a211e152  |i 882c3556-cbc0-3ed6-b72e-5e29f33e1266  |t 0 
952 f f |p ric  |a Texas A&M University  |b Rellis Campus  |c Joint Library Facility  |d Remote Storage  |t 0  |e HM24 .L427  |h Library of Congress classification  |i unmediated -- volume  |m A14802904574 
998 f f |a HM24 .L427  |t 0  |l Remote Storage